Study on housing finance services in Kerala with special reference to HDFC and LIC housing finance Ltd. (Record no. 21802)
[ view plain ]
| 000 -LEADER | |
|---|---|
| fixed length control field | 00568nam a2200169Ia 4500 |
| 082 ## - DEWEY DECIMAL CLASSIFICATION NUMBER | |
| Classification number | TD.0312 |
| 100 ## - MAIN ENTRY--AUTHOR NAME | |
| Personal name | Devasia T. T. |
| 245 #0 - TITLE STATEMENT | |
| Title | Study on housing finance services in Kerala with special reference to HDFC and LIC housing finance Ltd. |
| 260 ## - PUBLICATION, DISTRIBUTION, ETC. (IMPRINT) | |
| Year of publication | 2010 |
| Name of publisher | Mahatma Gandhi University, Kottayam |
| 300 ## - PHYSICAL DESCRIPTION | |
| Number of Pages | 404 |
| 504 ## - BIBLIOGRAPHY, ETC. NOTE | |
| Bibliography, etc | includes appendix and bibliography |
| 650 ## - SUBJECT ADDED ENTRY--TOPICAL TERM | |
| Topical Term | Housing |
| Form subdivision | Finance |
| Geographic subdivision | India |
| -- | Kerala |
| 650 ## - SUBJECT ADDED ENTRY--TOPICAL TERM | |
| Topical Term | Housing Development Finance Coorperation Ltd (HDFC) |
| 650 ## - SUBJECT ADDED ENTRY--TOPICAL TERM | |
| Topical Term | LIC Housing Finance Ltd |
| 710 ## - ADDED ENTRY--CORPORATE NAME | |
| Corporate name or jurisdiction name as entry element | Joseph, Baby. |
| 942 ## - ADDED ENTRY ELEMENTS (KOHA) | |
| Koha item type | Thesis |
| Source of classification or shelving scheme | Dewey Decimal Classification |
| Withdrawn status | Lost status | Damaged status | Not for loan | Home library | Current library | Date acquired | Source of acquisition | Bill Date | Full call number | Accession Number | Price effective from | Koha item type |
|---|---|---|---|---|---|---|---|---|---|---|---|---|
| NASSDOC Library | NASSDOC Library | 05/07/2012 | Gifted by : Ranga Reddy, A. | 2012-06-28 | TD.0312 | 47719 | 18/04/2019 | Thesis |
